|
|
|
|
| LEADER |
00693cam a2200205 7i4500 |
| 001 |
0000031185 |
| 005 |
20170218090000.0 |
| 008 |
091209 eng |
| 020 |
|
|
|a 9789054106333 (hbk.)
|
| 040 |
|
|
|a DLC
|
| 090 |
0 |
0 |
|a TN871.2
|b .A23 1996
|
| 100 |
1 |
|
|a Aadnoy, Bernt S
|
| 245 |
1 |
0 |
|a Modern well design
|c Bernt S. Aadnoy.
|
| 260 |
|
|
|a Rotterdam, Netherlands:
|b A.A. Balkema,
|c 1996.
|
| 300 |
|
|
|a xii, 240 p.:
|b ill.;
|c 26 cm.
|
| 504 |
|
|
|a Includes bibliographical references and index
|
| 650 |
0 |
0 |
|a Oil well drilling
|
| 997 |
|
|
|a Engineering, Faculty
|b Engineering, Department
|
| 998 |
|
|
|a Civil Engineering, Degree
|
| 999 |
|
|
|a 0000035296
|b BOK
|c OPEN SHELF
|e 2nd Floor, Bestari Jaya
|